Les podiums des championnats d'Europe de handball H - Statistiques

Statistiques générales
  • Ce quiz a été pris 94 fois
  • Le résultat moyen est 45 sur 48
Statistiques - réponses
Hint Réponse % Correct
2006 Champion France
100%
2008 Troisième France
100%
2010 Champion France
100%
2014 Champion France
100%
2018 Troisième France
100%
2024 Champion France
100%
2002 Troisième Danemark
99%
2004 Troisième Danemark
99%
2006 Troisième Danemark
99%
2008 Champion Danemark
99%
2012 Champion Danemark
99%
2014 Finaliste Danemark
99%
2022 Troisième Danemark
99%
2024 Finaliste Danemark
99%
1996 Finaliste Espagne
99%
1998 Finaliste Espagne
99%
2000 Troisième Espagne
99%
2006 Finaliste Espagne
99%
2014 Troisième Espagne
99%
2016 Finaliste Espagne
99%
2018 Champion Espagne
99%
2020 Champion Espagne
99%
2022 Finaliste Espagne
99%
1994 Champion Suède
99%
1998 Champion Suède
99%
2000 Champion Suède
99%
2002 Champion Suède
99%
2018 Finaliste Suède
99%
2022 Champion Suède
99%
2024 Troisième Suède
99%
2020 Troisième Norvège
97%
1998 Troisième Allemagne
96%
2002 Finaliste Allemagne
96%
2004 Champion Allemagne
96%
2016 Champion Allemagne
96%
1994 Troisième Croatie
95%
2008 Finaliste Croatie
95%
2010 Finaliste Croatie
95%
2012 Troisième Croatie
95%
2016 Troisième Croatie
95%
2020 Finaliste Croatie
95%
1994 Finaliste Russie
90%
1996 Champion Russie
90%
2000 Finaliste Russie
90%
2004 Finaliste Slovénie
74%
2012 Finaliste Serbie
70%
2010 Troisième Islande
62%
1996 Troisième* Yougoslavie
53%
Aucun quiz correspondant
Distribution des résultats
% des personnes avec chaque résultat
Percentile par nombre de réponses
Votre historique - résultats
Vous n’avez pas pris ce quiz